| 000 | 00582 a2200181 4500 | ||
|---|---|---|---|
| 005 | 20260417144629.0 | ||
| 008 | 260417b |||||||| |||| 00| 0 eng d | ||
| 020 | _a9789370986831 | ||
| 080 |
_aFM _bSHA/K |
||
| 100 | _aShafak,Elif | ||
| 245 | _aKanathaya marangalude dweep(കാണാതായ മരങ്ങളുടെ ദ്വീപ്) | ||
| 260 |
_bD C books. _aKottayam. _c2025. |
||
| 300 | _a400p. | ||
| 500 | _aMalayalam Translation of "The Island of Missing Trees" | ||
| 653 | _aFiction-Novel-Malayalam Translation. | ||
| 700 | _aSonia Refeeq;tr.by | ||
| 942 | _cBK | ||
| 999 |
_c115247 _d115246 |
||